000 00286nam a22001337a 4500
008 170403b xxu||||| |||| 00| 0 eng d
020 _a2900495556878
041 _aeng
080 _a574
100 _a9
101 _aSHM
245 _aSUSTANING THE EARTH
_cMILLER.G.T
942 _2udc
_cBK
999 _c9470
_d9470